Industria: como se satisfacen las necesidades del hombre. El panorama de los grandes talleres industriales, vibrantes de energía productiva, contribuyendo, transportando, inventando y creando nuevas necesidades y nuevos productos. Habla de las artes fabriles, la ingeniería, el transporte, la minería, etc
Saved in:
| Format: | Book |
|---|---|
| Language: | Spanish |
| Published: |
Clinton
W. M. Jackson
1948
|
| Edition: | 5a. ed |
| Series: | Moderna de Conocimientos Universales, 10
|
| Subjects: | |
| Tags: |
Add Tag
No Tags, Be the first to tag this record!
|
MARC
| LEADER | 00000nam a2200000 a 4500 | ||
|---|---|---|---|
| 001 | UCT3797 | ||
| 003 | CL-VaPUC | ||
| 008 | 961031e19480000US |||||||||||||||||spa|d | ||
| 082 | 0 | 4 | |a 338 |b IND |2 21 |
| 245 | 1 | 0 | |a Industria: como se satisfacen las necesidades del hombre. El panorama de los grandes talleres industriales, vibrantes de energía productiva, contribuyendo, transportando, inventando y creando nuevas necesidades y nuevos productos. Habla de las artes fabriles, la ingeniería, el transporte, la minería, etc |
| 250 | |a 5a. ed | ||
| 300 | |a v | ||
| 942 | |c BK | ||
| 945 | |d 19961031 00:00:00 |a cmena | ||
| 260 | |a Clinton |b W. M. Jackson |c 1948 | ||
| 650 | 7 | |a SECTOR INDUSTRIAL |2 CL-VaPUC |9 346302 | |
| 650 | 7 | |a ECONOMIA EMPRESARIAL |2 CL-VaPUC |9 363736 | |
| 650 | 0 | |a Empresas comerciales |9 334163 | |
| 650 | 7 | |a PRODUCTOS |2 CL-VaPUC |9 338640 | |
| 583 | |a last modification |c 19961031 00:00:00 |k Rodrigo Vera | ||
| 490 | 0 | |a Moderna de Conocimientos Universales, 10 | |
| 999 | |c 253328 |d 253326 | ||